| 000 | 02185nam a2200289Ia 4500 | ||
|---|---|---|---|
| 003 | CO-CtgCURN | ||
| 005 | 20250408190357.0 | ||
| 008 | 190723s9999 xx 000 0 und d | ||
| 020 | _a9587070380 | ||
| 040 |
_aCO-CtgCURN _bspa _ccoctgcurn |
||
| 082 |
_a345.02 _bT631d |
||
| 100 |
_aTocora, Luis Fernando _98521 _eautor |
||
| 245 | 0 |
_aDerecho penal especial : _bdelitos contra la vida y la integridad personal, el patrimonio económico, delitos sexuales / _cLuis Fernando Tocora |
|
| 250 | _a10 edición | ||
| 260 |
_aBogotá, Colombia : _bLibrería Ediciones del Profesional, _c2004 |
||
| 300 |
_a440 páginas ; _c22 centímetros |
||
| 500 | _aIncluye índice | ||
| 504 | _aIncluye referencias bibliográficas | ||
| 505 | _a1. El genocidio -- Cap. 2. El homicidio -- Cap. 3. Las lesiones personales -- Cap. 4. El aborto -- Cap. 5. Lesiones al feto -- Cap. 6. Abandono de menores y de personas desvalidas -- Cap. 7. De la omision de socorro -- Cap. 8. Manipulacion genetica -- pte. II. Delitos contra el patrimonio económico -- Cap. 1. El hurto -- Cap. 2. La extorsion -- Cap. 3. La estafa -- Cap. 4. Fraude mediante cheque -- Cap. 5. El abuso de confianza -- Cap. 6. Las defraudaciones -- Cap. 7. La usurpacion -- Cap. 8. El dano -- Cap. 9. Disposiciones comunes a los delitos contra el patrimonio económico -- pte. III. Delitos contra la libertad, integridad y formacion sexuales -- Cap. 1. La violacion -- Cap. 2. Actos sexuales abusivos -- Cap. 3. Disposiciones comunes a los delitos anteriores -- Cap. 4. El proxenetismo -- Anexo 1. Delito de homicidio -- Anexo 2. Aberratio ictus -- Anexo 3. El delito preterintencional -- Anexo 4. Eutanasia -- Anexo 5. Aborto -- Anexo 6. Delito de extorsion -- Anexo 7. Delito de estafa -- Anexo 8. La reparacion en delitos contra el patrimonio económico -- Anexo 9. Acceso carnal con menores. | ||
| 521 | _aAREA PROFESIONAL | ||
| 590 | _aPrograma de Derecho_18 | ||
| 650 |
_aDelitos _zColombia _98522 |
||
| 650 |
_aDerecho penal _98523 |
||
| 942 |
_cBK _h345.02 _iT631d _2ddc _01 _n0 |
||
| 999 |
_c28816 _d28816 |
||